| 000 | 00823nab a2200241 u 4500 | ||
|---|---|---|---|
| 001 | 19149 | ||
| 003 | HDC | ||
| 007 | cr bn ---aaaaa | ||
| 008 | 210228c mydr|noo 0 a eng d | ||
| 040 | _aHDC | ||
| 100 |
_aZahed Amanullah _eauthor _916909 |
||
| 245 | 0 |
_aHalal makes it into top ten good news stories of 2009 _cby Zahed Amanullah |
|
| 260 |
_a[No place] : _b[publisher not identified], _c2010 |
||
| 336 |
_atext _2rdacontent |
||
| 337 |
_acomputer _2rdamedia |
||
| 338 |
_aonline resource _2rdacarrier |
||
| 650 |
_aelection _99753 |
||
| 650 |
_apolitical issues _917688 |
||
| 856 | _zRequest full-text at [email protected] | ||
| 942 | _2lcc | ||
| 942 | _cNEWS | ||
| 942 | _kNWSO 008956 | ||
| 999 |
_c16465 _d16465 |
||